| 000 | 00793 a2200181 4500 | ||
|---|---|---|---|
| 003 | Nust | ||
| 005 | 20170207153220.0 | ||
| 040 | _cNust | ||
| 082 | _a621.382 | ||
| 100 | _aAkhtar, Maj Ahmed Naeem (MSEE-13) | ||
| 245 |
_aDetection of IR-UWB signal using statistical correlation technique _cMaj Ahmad Naeem Akhtar |
||
| 260 |
_bMCS, NUST _cApr 2009 _aRawalpindi |
||
| 300 | _axix,116,p; | ||
| 505 | _aIntroduction (page-1) Impulse radio-Ultra wideband propagation (page-22) IR-UWB receiver design (page-34) UWB channel model (page-47) Existing techniques and proposed methodology for IR-UWB (page-57) Simulation results and analysis (page-82) Conclusion and recommended future work (page-95) References (page-98). | ||
| 538 | _aAlmirah No 69 Shelf No 2 | ||
| 650 | _aPG Thesis | ||
| 651 | _aMSEE-13 | ||
| 942 | _cTHS | ||
| 999 |
_c181754 _d181754 |
||